[Event "Int.Vellmar 9th op B"]
[Site "Vellmar"]
[Date "2017.07.16"]
[Round "7.37"]
[White "Kroemer, Alexander"]
[Black "Wolter, Kerstin"]
[Result "1/2-1/2"]
[WhiteElo "1566"]
[BlackElo "1694"]
[PlyCount "31"]
[EventDate "2017.07.13"]
[EventType "swiss"]
[EventRounds "7"]
[EventCountry "GER"]

1. e4 c6 2. d4 d5 3. exd5 cxd5 4. Nf3 Bg4 5. Bb5+ Nc6 6. O-O Nf6 7. c3 a6 8.
Bd3 e6 9. Nbd2 Bd6 10. h3 Bh5 11. Re1 O-O 12. g4 Bg6 13. Bxg6 hxg6 14. Ne5 Qc7
15. Ndf3 Rae8 16. Qc2 1/2-1/2

[Event "Int.Vellmar 9th op B"]
[Site "Vellmar"]
[Date "2017.07.16"]
[Round "7.38"]
[White "Benedikt, Alexander"]
[Black "Moderow, Manuel"]
[Result "1-0"]
[WhiteElo "1666"]
[BlackElo "1133"]
[PlyCount "65"]
[EventDate "2017.07.13"]
[EventType "swiss"]
[EventRounds "7"]
[EventCountry "GER"]

1. e4 e5 2. Nf3 Nc6 3. Bc4 Bc5 4. d3 h6 5. O-O Nf6 6. h3 d6 7. Nc3 Qe7 8. Na4
Bb6 9. Nxb6 axb6 10. a3 O-O 11. Nh2 Be6 12. Ba2 b5 13. f4 exf4 14. Bxf4 b4 15.
Bxe6 Qxe6 16. a4 Nd4 17. Nf3 Nxf3+ 18. Qxf3 Nd7 19. b3 Ra6 20. d4 Raa8 21. Qd3
c6 22. Rae1 Nf6 23. e5 dxe5 24. Bxe5 Qd5 25. Bxf6 gxf6 26. Rxf6 Kg7 27. Ref1
Rg8 28. Qe3 Kf8 29. Qxh6+ Ke7 30. Qe3+ Kd8 31. g4 Re8 32. Qf4 Re4 33. Rd6+ 1-0

[Event "Int.Vellmar 9th op B"]
[Site "Vellmar"]
[Date "2017.07.16"]
[Round "7.39"]
[White "Warter, Simon"]
[Black "Helmer, Andreas"]
[Result "0-1"]
[WhiteElo "1357"]
[BlackElo "1608"]
[PlyCount "54"]
[EventDate "2017.07.13"]
[EventType "swiss"]
[EventRounds "7"]
[EventCountry "GER"]

1. e4 e6 2. d4 d5 3. exd5 exd5 4. Bf4 Nc6 5. c3 Nge7 6. Bd3 Bf5 7. Bg5 Qd7 8.
Nf3 O-O-O 9. O-O Bg4 10. h3 Bh5 11. Be2 Bg6 12. Nbd2 Re8 13. Nb3 Nf5 14. Re1
Bd6 15. Bb5 f6 16. Bd2 Nfe7 17. Be3 h5 18. Re2 Be4 19. Ne1 g5 20. f3 Bf5 21.
Nd3 g4 22. Ndc5 Bxc5 23. Nxc5 Qd6 24. f4 gxh3 25. g3 Reg8 26. Qe1 h4 27. Bf2
hxg3 0-1

[Event "Int.Vellmar 9th op B"]
[Site "Vellmar"]
[Date "2017.07.16"]
[Round "7.40"]
[White "Kirchner, Stefan"]
[Black "Pabst, Olaf"]
[Result "0-1"]
[WhiteElo "1550"]
[BlackElo "1610"]
[PlyCount "88"]
[EventDate "2017.07.13"]
[EventType "swiss"]
[EventRounds "7"]
[EventCountry "GER"]

1. e4 d5 2. exd5 Nf6 3. d4 Bg4 4. f3 Bf5 5. g4 Bg6 6. h4 h6 7. h5 Bh7 8. Bd3
Bxd3 9. Qxd3 Qxd5 10. Nc3 Qd7 11. g5 Nd5 12. g6 f6 13. Bd2 Nb4 14. Qc4 e6 15.
O-O-O N8c6 16. Nge2 O-O-O 17. Bf4 Nd5 18. a3 a6 19. Rhe1 Kb8 20. Bg3 Nce7 21.
Nf4 Nxf4 22. Bxf4 Nd5 23. Bg3 Bd6 24. Bxd6 Qxd6 25. Nxd5 exd5 26. Qe2 Rhe8 27.
Qd2 Qd7 28. Qf4 Rxe1 29. Rxe1 Re8 30. Rxe8+ Qxe8 31. Kd1 Qe6 32. b3 Kc8 33. Kd2
Qd6 34. Qg4+ Kd8 35. a4 Qd7 36. c4 Qxg4 37. fxg4 c6 38. Kd3 Kd7 39. b4 b6 40.
b5 axb5 41. axb5 cxb5 42. cxd5 Kd6 43. Ke4 b4 44. Kd3 Kxd5 0-1

[Event "Int.Vellmar 9th op B"]
[Site "Vellmar"]
[Date "2017.07.16"]
[Round "7.42"]
[White "Neumann, Peter Eduard"]
[Black "Pessotschinski, Eduard"]
[Result "0-1"]
[WhiteElo "1576"]
[BlackElo "1187"]
[PlyCount "98"]
[EventDate "2017.07.13"]
[EventType "swiss"]
[EventRounds "7"]
[EventCountry "GER"]

1. Nf3 d5 2. g3 Nf6 3. d3 c5 4. Bg2 Nc6 5. O-O Bf5 6. Nbd2 e6 7. Re1 Bd6 8. Nf1
O-O 9. Bg5 h6 10. Bd2 d4 11. e4 Bg4 12. h3 Bh5 13. N1h2 Qc7 14. a3 Ne5 15. g4
Bg6 16. Nxe5 Bxe5 17. Nf3 Bf4 18. e5 Bxd2 19. Qxd2 Nd5 20. c4 Ne7 21. g5 Nf5
22. gxh6 Nxh6 23. Nh4 Qe7 24. Nf3 Nf5 25. Kh2 Rab8 26. b4 b6 27. b5 Nh4 28.
Nxh4 Qxh4 29. Rg1 Qh7 30. Bf1 Qh5 31. Rg5 Qh6 32. f4 f6 33. Rg4 Bf5 34. Rg3
fxe5 35. Rf3 exf4 36. Bg2 Bg4 37. Qe2 Bxf3 38. Bxf3 g5 39. Rg1 Kf7 40. Bg4 Rbe8
41. Bh5+ Ke7 42. Bxe8 Rxe8 43. Qe5 Rg8 44. Qe4 Rg7 45. a4 g4 46. Re1 Qxh3+ 47.
Kg1 g3 48. Qxf4 Qh2+ 49. Kf1 Rf7 0-1

[Event "Int.Vellmar 9th op B"]
[Site "Vellmar"]
[Date "2017.07.16"]
[Round "7.43"]
[White "Maar, Felicitas"]
[Black "Breiter, Juergen"]
[Result "0-1"]
[WhiteElo "1461"]
[BlackElo "1685"]
[PlyCount "200"]
[EventDate "2017.07.13"]
[EventType "swiss"]
[EventRounds "7"]
[EventCountry "GER"]

1. e4 e5 2. Nf3 d6 3. Nc3 Nf6 4. Bc4 Be7 5. d3 O-O 6. O-O c6 7. h3 Be6 8. Bb3
Qb6 9. Ng5 Bxb3 10. axb3 a6 11. Nf3 Nbd7 12. Ne2 Rad8 13. Ng3 d5 14. Qe2 d4 15.
Nf5 Bb4 16. Nh2 g6 17. Nh6+ Kh8 18. Bg5 Rde8 19. Qf3 Re6 20. N6g4 Nxg4 21. Nxg4
Be7 22. Bh6 Qd8 23. Bxf8 Qxf8 24. Qe2 h5 25. Nh2 Bg5 26. Nf3 Bh6 27. h4 f6 28.
Nh2 Re7 29. Kh1 f5 30. exf5 Qxf5 31. Qf3 Qf4 32. Qg3 Qf6 33. Nf3 Bf4 34. Qh3
Rf7 35. g3 Bh6 36. Ng1 Nf8 37. Qg2 Ne6 38. Rae1 g5 39. Qe4 Bg7 40. hxg5 Nxg5
41. Qh4 Qg6 42. f4 exf4 43. gxf4 Nh7 44. Re8+ Nf8 45. Nh3 Bf6 46. Qf2 Kh7 47.
Rg1 Qf5 48. Qf3 Ng6 49. Re2 Nh4 50. Qf1 Qd5+ 51. Re4 Re7 52. Qe2 Kh6 53. Ng5
Nf5 54. Rg2 Rg7 55. Qd1 Ne3 56. Qe2 Nxg2 57. Qxg2 Bxg5 58. fxg5+ Rxg5 59. Qf3
Rf5 60. Qg2 Qf7 61. Re1 Rf2 62. Qh3 Qf3+ 63. Qxf3 Rxf3 64. Kg2 Rf7 65. Re6+ Kg5
66. Re5+ Kg4 67. Re4+ Rf4 68. Re8 Rf5 69. Re4+ Kg5 70. Kg3 Rc5 71. Re2 h4+ 72.
Kh3 Rf5 73. Re4 Rf3+ 74. Kg2 Rg3+ 75. Kh2 c5 76. b4 Re3 77. bxc5 Rxe4 78. dxe4
Kf4 79. Kh3 Kxe4 80. Kxh4 Ke3 81. Kg3 Kd2 82. Kf2 Kxc2 83. Ke2 d3+ 84. Ke3 d2
85. Kf2 Kxb2 86. Ke2 Kc2 87. Kf2 d1=Q 88. Kg2 Qd5+ 89. Kf2 Qxc5+ 90. Kf3 Kd3
91. Kf4 Qf8+ 92. Ke5 Qe7+ 93. Kf4 Kd4 94. Kf5 Qe5+ 95. Kg4 Ke4 96. Kh3 Kf3 97.
Kh4 Kf4 98. Kh3 Qg5 99. Kh2 Kf3 100. Kh1 Qg2# 0-1

[Event "Int.Vellmar 9th op B"]
[Site "Vellmar"]
[Date "2017.07.16"]
[Round "7.44"]
[White "Barchfeld, Peter"]
[Black "Schulz, Christian"]
[Result "0-1"]
[WhiteElo "1607"]
[BlackElo "1416"]
[PlyCount "54"]
[EventDate "2017.07.13"]
[EventType "swiss"]
[EventRounds "7"]
[EventCountry "GER"]

1. e4 e5 2. Nf3 Nc6 3. Bb5 Bc5 4. c3 d6 5. d4 exd4 6. Nxd4 Bd7 7. Nxc6 bxc6 8.
Bc4 Nf6 9. Nd2 O-O 10. O-O Bg4 11. Qc2 Qd7 12. Bd3 Bh5 13. Nb3 Bb6 14. Kh1 Bg6
15. Nd4 c5 16. Nf5 Bxf5 17. exf5 Ng4 18. Bf4 Rfe8 19. a4 c6 20. Bg3 d5 21. Rad1
Bc7 22. Be2 Nf6 23. Bxc7 Qxc7 24. f3 Re3 25. Rd3 Rae8 26. g4 Rxe2 27. Qxe2 Rxe2
0-1

[Event "Int.Vellmar 9th op B"]
[Site "Vellmar"]
[Date "2017.07.16"]
[Round "7.47"]
[White "Margraf, Dieter"]
[Black "Mihailovic, Slobodan"]
[Result "1/2-1/2"]
[WhiteElo "1496"]
[BlackElo "1271"]
[PlyCount "26"]
[EventDate "2017.07.13"]
[EventType "swiss"]
[EventRounds "7"]
[EventCountry "GER"]

1. d4 a6 2. Nf3 b5 3. g3 Bb7 4. Bg2 g6 5. O-O Bg7 6. c3 e6 7. Re1 d6 8. Nbd2
Ne7 9. e4 Nd7 10. e5 dxe5 11. Nxe5 Bxg2 12. Kxg2 Nxe5 13. dxe5 Qd5+ 1/2-1/2

[Event "Int.Vellmar 9th op B"]
[Site "Vellmar"]
[Date "2017.07.16"]
[Round "7.48"]
[White "Skopp, Jonathan"]
[Black "Schmechtig, Lucas"]
[Result "1/2-1/2"]
[WhiteElo "1178"]
[BlackElo "1491"]
[PlyCount "53"]
[EventDate "2017.07.13"]
[EventType "swiss"]
[EventRounds "7"]
[EventCountry "GER"]

1. d4 d5 2. Bf4 e6 3. e3 c5 4. c3 Nc6 5. Bd3 Nf6 6. Nd2 Qb6 7. Qb3 Qxb3 8. axb3
Be7 9. Ngf3 O-O 10. h4 h6 11. Ne5 Nxe5 12. dxe5 Nh7 13. O-O-O a6 14. g4 f5 15.
gxf5 exf5 16. Rdg1 Kf7 17. Rg2 Rg8 18. h5 Ng5 19. Rg3 Bd7 20. Rhg1 Raf8 21. f3
Ne6 22. Bxf5 Nxf4 23. Bxd7 Ne2+ 24. Kc2 Nxg1 25. Rg6 Bd8 26. Be6+ Ke8 27. Bxg8
1/2-1/2

[Event "Int.Vellmar 9th op B"]
[Site "Vellmar"]
[Date "2017.07.16"]
[Round "7.51"]
[White "Heidenreich, Gundolf"]
[Black "Lambrecht, Harald"]
[Result "1-0"]
[WhiteElo "1710"]
[BlackElo "1422"]
[PlyCount "65"]
[EventDate "2017.07.13"]
[EventType "swiss"]
[EventRounds "7"]
[EventCountry "GER"]

1. d4 d5 2. Bf4 Nf6 3. e3 e6 4. c4 c6 5. Nc3 Bd6 6. Bxd6 Qxd6 7. Nf3 Nbd7 8. c5
Qe7 9. b4 a6 10. a4 e5 11. Be2 e4 12. Nd2 O-O 13. b5 axb5 14. axb5 Rxa1 15.
Qxa1 cxb5 16. Nb3 Rd8 17. Nxb5 Nf8 18. h3 Bd7 19. Qa7 Bc6 20. Nd6 Rd7 21. h4 b5
22. Qb6 Rc7 23. Na5 Qd7 24. Nxc6 Rxc6 25. Qxb5 Qc7 26. O-O N8d7 27. Ra1 h6 28.
Bd1 Nb8 29. Rb1 Nfd7 30. f3 Qa7 31. fxe4 Qa3 32. Qb3 Qxb3 33. Bxb3 1-0

[Event "Int.Vellmar 9th op B"]
[Site "Vellmar"]
[Date "2017.07.16"]
[Round "7.52"]
[White "Engel, Markus"]
[Black "Janovskij, Konstantin"]
[Result "1-0"]
[WhiteElo "1530"]
[BlackElo "1335"]
[PlyCount "83"]
[EventDate "2017.07.13"]
[EventType "swiss"]
[EventRounds "7"]
[EventCountry "GER"]

1. d4 Nf6 2. c4 e6 3. Nf3 d5 4. cxd5 exd5 5. Nc3 Bf5 6. Bf4 c6 7. Qb3 Qb6 8.
Qxb6 axb6 9. e3 Bb4 10. a3 O-O 11. Be2 Ne4 12. Bxb8 Rfxb8 13. O-O Bxc3 14. bxc3
Nxc3 15. Rfe1 Nxe2+ 16. Rxe2 Ra6 17. Rea2 Rba8 18. a4 b5 19. Nd2 Rxa4 20. Rxa4
Rxa4 21. Rc1 Ra2 22. Nb3 Rb2 23. Na5 b6 24. Nxc6 Rb1 25. Rxb1 Bxb1 26. Ne7+ Kf8
27. Nxd5 Bd3 {Remis Angebot} 28. Nxb6 b4 29. f3 b3 30. Na4 Ke7 31. Kf2 Kd6 {
Remis Angebot} 32. e4 f6 33. Ke3 Bf1 34. g3 g5 35. f4 gxf4+ 36. gxf4 h6 37. Kd2
Bg2 38. Nc5 b2 39. Kc2 b1=Q+ 40. Kxb1 h5 41. h4 Bh3 42. Kc2 1-0